Sports Quiz

Random Sports Quiz

David Arquette WCW & WWE Opponents Quiz Stats

 Plays Quiz not verified by Sporcle

Score 0/6 Timer 03:00
0 Plays Today
Date / Event Opponent % Correct
April 26, 2000 - ThunderJeff Jarrett
89.6%
May 7, 2000 - SlamboreeJeff Jarrett
89.6%
April 23, 2000 - NitroEric Bischoff
66.7%
April 26, 2000 - ThunderEric Bischoff
66.7%
December 13, 2010 - RawRandy Orton
42.6%
April 30, 2000 - NitroTank Abbott
21.7%

You're not logged in!

Compare scores with friends on all Sporcle quizzes.
OR
Log In

Show Comments

Extras

Top Quizzes Today


Score Distribution

Your Account Isn't Verified!

In order to create a playlist on Sporcle, you need to verify the email address you used during registration. Go to your Sporcle Settings to finish the process.

Report this User

Report this user for behavior that violates our Community Guidelines.

Details: